Polština rozhlasem /

Hlavní autor: Málek, Adolf
Korporativní autor: Československý rozhlas
Jazyk: Čeština
Vydáno: Praha : Orbis, 1948
Vydání: II. vydání
Externí odkaz: Digitalizovaný dokument
Fyzický popis: 95-[I] s. ; 8°
Knihy
Uloženo v:
LEADER 01070nam a22002892a 4500
001 000883754
003 CZ BrMZK
005 20181219115944.0
007 ta
008 080129s1948 xr 000 0 cze d
015 |a cnb000670499 
035 |a (OCoLC)85426473 
040 |a ABA001  |b cze  |c PNA001  |d ABA001 
100 1 |a Málek, Adolf  |7 jk01073202  |4 aut 
245 1 0 |a Polština rozhlasem /  |c Adolf Málek 
250 |a II. vydání 
260 |a Praha :  |b Orbis,  |c 1948 
300 |a 95-[I] s. ;  |c 8° 
500 |a Vydal Československý rozhlas 
500 |a Dostupné též v digitální podobě v aplikaci Kramerius 
710 2 |a Československý rozhlas  |7 ko2002101931 
856 4 1 |u http://www.digitalniknihovna.cz/mzk/uuid/uuid:09fc6500-0ff9-11e9-93ab-005056827e51  |y Digitalizovaný dokument  |x NDK 
910 |a BOA001  |b 2-0206.628 
990 |a BK 
991 |b 200801 
996 6 |b 2618764078  |c 2-0206.628  |l MZK  |r Sklad / do 24 hodin  |n 0  |w 000883754  |u 000020  |a 1  |e BOA001  |j MZK50  |s P 
996 7 |b 2619251232  |c 2-0206.628  |l MZK  |r Sklad / do 24 hodin  |n 2  |w 000883754  |u 000010  |a 1  |e BOA001  |j MZK50  |s A